Statistics for Dire Straits Albums

Click here to take the quiz!

General Stats

  • This quiz has been taken 207 times
  • The average score is 5 of 6

Answer Stats

YearAlbum% Correct
1985Brothers in Arms
95%
1978Dire Straits
88%
1980Making Movies
79%
1979Communiqué
76%
1982Love Over Gold
74%
1991On Every Street
61%

Score Distribution

Percentile by Number Answered

Percent of People with Each Score

Your Score History

You have not taken this quiz